00853nam a2200253 i 450000100060000000300090000600500170001500700030003200800410003502000170007610000290009324500510012225000250017326000580019830000220025649000150027850000520029350400330034570000260037883000230040485200330042799900170046095201220047727462ES-MaACL20230906153624.0t|030114s1986 fr ||||1| fre d a2-13039736-01 aAubenque, Pierre.92378713aLa prudence chez Aristote / cPierre Aubenque. a3eme ed. rev. y aum. aParís : bPresses Universitaires de France, c1986. a220 p. ; c22 cm.1 aEnsayistas aContiene apéndice sobre la prudencia en Kant. aBibliografía : p. 214-218.1 aPeña, Vidal.9902480 aEnsayistas9177257 aES-MaACLjL-10831 bR.112510 c27462d27462 00104070aATENEOMbATENEOMcDEPO2d2008-01-17eSCl0oL-10831p1028354r2023-02-23 00:00:00w2023-02-23yMONOGRAFIA